000 00399nam a2200169Ia 4500
005 20250423095320.0
008 250422s9999 xx 000 0 und d
020 _a9783168630
050 _aPE 1199 .E33/
100 _aEgebe, Daniel I.
245 0 _aExcellence in written and spoken english
260 _aLagos
260 _bTisons Limited
260 _c1996
300 _a310 p
942 _cBK
999 _c29902
_d29902